Ochrana informácií v obchodnom styku
Úloha a význam informácií v riadiacom procese. Zneužívanie informácií v obchodnom styku podľa par. 128 trestného zákona. Konvencia o tzv. "insider trading". Definovanie prípadov "obchodovania zvnútra" pre účely tejto konvencie účastníckych štátov Rady Európy.
Enregistré dans:
| Auteur principal: | |
|---|---|
| Format: | Chapitre de livre |
| Langue: | slovaque |
| Sujets: | |
| Tags: |
Pas de tags, Soyez le premier à ajouter un tag!
|
MARC
| LEADER | 00000naa a2200000 4500 | ||
|---|---|---|---|
| 001 | r026144 | ||
| 005 | 20230919070826.8 | ||
| 041 | 0 | |a slo | |
| 044 | |a SK | ||
| 245 | 1 | 0 | |a Ochrana informácií v obchodnom styku |c Z. Šípoš |
| 520 | |a Úloha a význam informácií v riadiacom procese. Zneužívanie informácií v obchodnom styku podľa par. 128 trestného zákona. Konvencia o tzv. "insider trading". Definovanie prípadov "obchodovania zvnútra" pre účely tejto konvencie účastníckych štátov Rady Európy. | ||
| 610 | 2 | 0 | |a informácie |
| 610 | 2 | 0 | |a ochrana dát |
| 610 | 2 | 0 | |a informácie obchodno-ekonomické |
| 610 | 2 | 0 | |a činnosť trestná |
| 610 | 2 | 0 | |a právo trestné |
| 100 | 1 | |a Šípoš, Z. | |